Documents inédits sur l'histoire de la Révolution Française (Record no. 153536)

MARC details
000 -LEADER
campo de control de longitud fija 01222nam a2200229 i 4500
001 - NÚMERO DE CONTROL
campo de control 153536
003 - IDENTIFICADOR DE NÚMERO DE CONTROL
campo de control ES-MaACL
005 - FECHA Y HORA DE LA ÚLTIMA TRANSACCIÓN
campo de control 20231103062534.0
008 - DATOS DE LONGITUD FIJA--INFORMACIÓN GENERAL
campo de control de longitud fija 040805s1872 fr |||| | fre d
040 ## - FUENTE DE CATALOGACIÓN
Centro catalogador/agencia de origen CAM
Lengua de catalogación spa
Centro/agencia transcriptor CAM
245 00 - MENCIÓN DEL TÍTULO
Título Documents inédits sur l'histoire de la Révolution Française
Resto del título : correspondances de Paris, Vienne, Berlin, Varsovie, Constantinople /
Mención de responsabilidad, etc. publiées par Jules Lair et Emile Legrand.
260 ## - PUBLICACIÓN, DISTRIBUCIÓN, ETC.
Lugar de publicación, distribución, etc. Paris :
Nombre del editor, distribuidor, etc. Librairie Maisonneuve,
Fecha de publicación, distribución, etc. 1872 (
Fabricante Imprimerie Georges Chamerot)
300 ## - DESCRIPCIÓN FÍSICA
Extensión 132 p. ;
Dimensiones 22 cm.
505 8# - NOTA DE CONTENIDO CON FORMATO
Nota de contenido con formato Contiene además con port. propia: Lettres de Constantin Stamaty a Panagiotis Kodrikas sur la Révolution Française : Janvier 1793 / publiées ... par Emile Legrand : p. 7-79
600 14 - PUNTO DE ACCESO ADICIONAL DE MATERIA--NOMBRE DE PERSONA
Nombre de persona Stamaty, Constantin-
Subdivisión general Correspondencia-
-- Kodrikas, Panagiotis.
9 (RLIN) 132881
651 #4 - PUNTO DE ACCESO ADICIONAL DE MATERIA--NOMBRE GEOGRÁFICO
Nombre geográfico Francia-
Subdivisión general Historia-
Subdivisión cronológica 1789-1799, Revolución
9 (RLIN) 8685
700 11 - ENTRADA AGREGADA--NOMBRE PERSONAL
Nombre de persona Stamaty, Constantin.
Título de la obra Lettres de Constantin Stamaty a Panagiotis Kodrikas sur la Révolution Française.
9 (RLIN) 132880
700 1# - ENTRADA AGREGADA--NOMBRE PERSONAL
Nombre de persona Lair, Jules.
9 (RLIN) 128604
700 0# - ENTRADA AGREGADA--NOMBRE PERSONAL
Nombre de persona Legrand, Emile.
9 (RLIN) 71293
852 ## - LOCALIZACIÓN
Ubicación ES-MaACL
Número de control de estantería T-578-F-3
Nota libre -- Enc. hol., conservando la cub. original
-- -- Enc. en un vol. facticio
Holdings
Estatus retirado Estado de pérdida Estado de daño No para préstamo Colección Biblioteca de origen Biblioteca actual Ubicación en estantería Fecha de adquisición Total de préstamos Signatura topográfica completa Código de barras Visto por última vez Precio de reemplazo Tipo de ítem Koha
        Colección de folletos Biblioteca del Ateneo de Madrid Biblioteca del Ateneo de Madrid Depósito folletos 17/01/2008   T-578-F-3 1160502 23/02/2023 23/02/2023 Folleto